A. WESLEY POWELL LEARNING RESOURCE CENTRE (WPLRC)

Wonderful Place to Learn, Research & Collaborate

Introducing sociology (Record no. 1841)

MARC details
000 -LEADER
fixed length control field 00528nam a22002177a 4500
001 - ACCESSION NUMBER
control field 17568
003 - CONTROL NUMBER IDENTIFIER
control field OSt
005 - DATE AND TIME OF LATEST TRANSACTION
control field 20141126192223.0
008 - FIXED-LENGTH DATA ELEMENTS--GENERAL INFORMATION
fixed length control field 141126b xxu||||| |||| 00| 0 eng d
020 ## - INTERNATIONAL STANDARD BOOK NUMBER
International Standard Book Number 00000000
040 ## - CATALOGING SOURCE
Original cataloging agency DDC
Language of cataloging eng
Transcribing agency DDC
Modifying agency DDC
082 ## - DEWEY DECIMAL CLASSIFICATION NUMBER
Edition number 1st ed.
Classification number 301
100 ## - MAIN ENTRY--PERSONAL NAME
Relator code Worsley, Peter
245 ## - TITLE STATEMENT
Title Introducing sociology
250 ## - EDITION STATEMENT
Edition statement 1st ed.
260 ## - PUBLICATION, DISTRIBUTION, ETC. (IMPRINT)
Place of publication, distribution, etc. Australia
Name of publisher, distributor, etc. Penguin
Date of publication, distribution, etc. 1979
300 ## - PHYSICAL DESCRIPTION
Extent 605 p.
Dimensions 19 cm.
504 ## - BIBLIOGRAPHY, ETC. NOTE
Bibliography, etc Includes references and indexes.
700 ## - ADDED ENTRY--PERSONAL NAME
Relator code Worsley, Peter
942 ## - ADDED ENTRY ELEMENTS (KOHA)
Source of classification or shelving scheme Dewey Decimal Classification
Koha item type Books
Holdings
Withdrawn status Lost status Source of classification or shelving scheme Damaged status Not for loan Collection code Home library Current library Date acquired Total Checkouts Full call number Date last seen Price effective from Koha item type
    Dewey Decimal Classification   Not For Loan Reference Wesley Powell Learning Resource Centre Wesley Powell Learning Resource Centre 11/26/2014   RBC/301 WOR (17568) 11/26/2014 11/26/2014 Books